Children's early text construction

Wedi'i Gadw mewn:
Manylion Llyfryddiaeth
Prif Awduron: Pontecorvo, Clotilde (Awdur), Orsolini, Margherita (Awdur), Burge, Barbara (Awdur), Resnick, Lauren B (Awdur)
Fformat: Llyfr
Iaith:Saesneg
Cyhoeddwyd: Mahwah Lawrence Erlbaum Associates 1996
Pynciau:
Tagiau: Ychwanegu Tag
Dim Tagiau, Byddwch y cyntaf i dagio'r cofnod hwn!

MARC

LEADER 00000nam a2200000 a 4500
001 UCP6826
003 CL-VaPUC
008 991119e19960000us |||||||||||||||||eng|d
082 0 4 |a 401.93  |b PON  |2 21 
100 0 |a Pontecorvo, Clotilde  |e author  |9 436123 
700 0 |a Orsolini, Margherita  |e author  |9 436124 
700 0 |a Burge, Barbara  |e author  |9 436125 
700 0 |a Resnick, Lauren B  |e author  |9 436126 
245 1 0 |a Children's early text construction 
300 |a 368 p 
942 |c BK 
945 |d 19991119 00:00:00  |a rbrito 
260 |a Mahwah  |b Lawrence Erlbaum Associates  |c 1996 
650 0 |a Lingüística  |9 265068 
650 0 |a Adquisición del lenguaje   |9 309032 
650 7 |a COMPOSICION  |2 CL-VaPUC  |9 262958 
650 0 |a Lenguas  |9 324269 
583 |a last modification  |c 20171120 05:46:44  |k Rodrigo Vera 
999 |c 284253  |d 284251